[Event "Schleswig-Holstein-ch Young Seniors"]
[Site "Buesum"]
[Date "2010.03.28"]
[Round "2"]
[White "Weck, Uwe"]
[Black "Habenicht, Karl Heinz"]
[Result "1-0"]
[WhiteElo "1693"]
[BlackElo "1748"]
[PlyCount "82"]
[EventDate "2010.03.27"]
[EventType "swiss"]
[EventRounds "9"]
[EventCountry "GER"]
[SourceTitle "EXT 2023"]
[Source "ChessBase"]
[SourceDate "2022.10.05"]
[SourceVersion "1"]
[SourceVersionDate "2022.10.05"]
[SourceQuality "1"]

1. d4 f5 2. c4 Nf6 3. Nc3 g6 4. Nf3 Bg7 5. Qb3 c6 6. Bf4 d6 7. h3 Nh5 8. Bh2 Qb6 9. e3 Qxb3 10. axb3 Nd7 11. Ng5 Nf8 12. Be2 h6 13. Nf3 a6 14. 0-0 Nf6 15. b4 g5 16. Nd2 g4 17. hxg4 Nxg4 18. Bxg4 fxg4 19. c5 d5 20. Na4 Nd7 21. f4 h5 22. g3 h4 23. gxh4 Rxh4 24. Bg3 Rh3 25. Kg2 a5 26. Nc3 Nf6 27. Rh1 Nh5 28. Rxh3 gxh3+ 29. Kh2 Nf6 30. Nd1 Ng4+ 31. Kh1 Nxe3 32. Nxe3 Bxd4 33. Nd1 Bg4 34. Nb3 Bf6 35. Nxa5 Kd7 36. Kh2 Bxd1 37. Rxd1 Bxb2 38. Nc4 Ra2 39. Rd2 Bc3 40. Nb6+ Ke6 41. Rxa2 Bxb4 1-0

[Event "Schleswig-Holstein-ch Young Seniors"]
[Site "Buesum"]
[Date "2010.03.27"]
[Round "1"]
[White "Habenicht, Karl Heinz"]
[Black "Gerks, Joachim"]
[Result "0-1"]
[WhiteElo "1748"]
[BlackElo "1784"]
[PlyCount "54"]
[EventDate "2010.03.27"]
[EventType "swiss"]
[EventRounds "9"]
[EventCountry "GER"]
[SourceTitle "EXT 2023"]
[Source "ChessBase"]
[SourceDate "2022.10.05"]
[SourceVersion "1"]
[SourceVersionDate "2022.10.05"]
[SourceQuality "1"]

1. d4 Nf6 2. Nf3 g6 3. Nc3 d5 4. Bf4 c6 5. Qd2 Bg7 6. Bh6 0-0 7. Bxg7 Kxg7 8. h4 h5 9. e3 Bf5 10. Bd3 Bxd3 11. cxd3 Nbd7 12. e4 e6 13. e5 Ng4 14. Ng5 Qe7 15. f3 Nh6 16. f4 a6 17. Rc1 Rac8 18. a3 c5 19. dxc5 Nxc5 20. Rd1 Nb3 21. Qc2 Nd4 22. Qd2 Qc5 23. Na2 Nc2+ 24. Ke2 Ng4 25. d4 Qc4+ 26. Kf3 Qxa2 27. Qb4 Nxb4 0-1

[Event "Schleswig Holstein-ch Veterans 63rd"]
[Site "Gross Groenau"]
[Date "2008.03.21"]
[Round "9"]
[White "Habenicht, Karl Heinz"]
[Black "Scharffenberg, Horst"]
[Result "0-1"]
[WhiteElo "1582"]
[BlackElo "1505"]
[PlyCount "80"]
[EventDate "2008.03.15"]
[EventType "swiss"]
[EventRounds "9"]
[EventCountry "GER"]
[SourceTitle "EXT 2010"]
[Source "ChessBase"]
[SourceDate "2010.11.25"]
[SourceVersion "1"]
[SourceVersionDate "2010.11.25"]
[SourceQuality "1"]

1. d4 d5 2. Nf3 e6 3. e3 Nf6 4. Bd3 Nbd7 5. Nbd2 Be7 6. 0-0 c5 7. c3 c4 8. Bc2 0-0 9. Re1 Qc7 10. Qe2 b5 11. a3 Bb7 12. e4 e5 13. exd5 Nxd5 14. dxe5 Nf4 15. Qe3 Ng6 16. e6 Bc5 17. Nd4 Nf6 18. Bxg6 fxg6 19. Qg3 Bd6 20. Qh3 a6 21. N2f3 Rae8 22. Bd2 Ne4 23. Re2 Rf6 24. Rae1 Nxd2 25. Rxd2 Bf4 26. Rde2 h6 27. e7 Bc8 28. Qh4 Bd6 29. Ne6 Qd7 30. Qd4 Rxe7 31. Qd5 Bxh2+ 32. Nxh2 Qxd5 33. Nd4 Rxe2 34. Rxe2 Bb7 35. Nhf3 Qh5 36. Re7 Bxf3 37. Nxf3 Rd6 38. Re8+ Kf7 39. Re1 Kf6 40. Nd4 Qg4 0-1

[Event "Schleswig Holstein-ch Veterans 60th"]
[Site "Germany"]
[Date "2005.10.10"]
[Round "1"]
[White "Potschka, Dieter"]
[Black "Habenicht, Karl Heinz"]
[Result "1-0"]
[WhiteElo "1733"]
[BlackElo "1576"]
[PlyCount "75"]
[EventDate "2005.10.10"]
[EventType "swiss"]
[EventRounds "9"]
[EventCountry "GER"]
[SourceTitle "EXT 2010"]
[Source "ChessBase"]
[SourceDate "2010.11.25"]
[SourceVersion "1"]
[SourceVersionDate "2010.11.25"]
[SourceQuality "1"]

1. c4 f5 2. e3 Nf6 3. Nc3 g6 4. Nf3 Bg7 5. Be2 0-0 6. 0-0 d6 7. d4 Qe8 8. a4 c6 9. b4 e5 10. b5 e4 11. Ne1 d5 12. Ba3 Rf7 13. a5 Be6 14. c5 a6 15. b6 Bh6 16. Bc1 Rg7 17. f3 g5 18. fxe4 Nxe4 19. Nxe4 fxe4 20. Rf6 Rg6 21. Bh5 Qe7 22. Rxg6+ hxg6 23. Bxg6 Qf6 24. Bh5 Nd7 25. Nc2 Rf8 26. Qe2 Qg7 27. Bg4 Bxg4 28. Qxg4 Nf6 29. Qe6+ Kh8 30. Bd2 g4 31. Qe5 Qg6 32. Rf1 Bg7 33. Nb4 Kh7 34. Qf5 Nh5 35. Qxg6+ Kxg6 36. Rxf8 Bxf8 37. Nxc6 Nf6 38. Nd8 1-0